[Event "World Corporate East D"]
[Site "Chess.com INT"]
[Date "2021.02.20"]
[Round "5.6"]
[White "Dzwonkowski, Adam"]
[Black "Limbourg, Marina"]
[Result "0-1"]
[WhiteElo "2009"]
[BlackElo "2058"]
[PlyCount "82"]
[EventDate "2021.02.19"]
[EventType "team (rapid)"]
[EventRounds "7"]
[EventCountry "USA"]
[SourceTitle "EXT 2022"]
[Source "ChessBase"]
[SourceDate "2021.10.06"]
[SourceVersion "1"]
[SourceVersionDate "2021.10.06"]
[SourceQuality "1"]
[WhiteTeam "Microsoft Europe"]
[BlackTeam "Vodafone EMEA"]
[WhiteTeamCountry "GRE"]
[BlackTeamCountry "HUN"]

1. e4 c5 2. Nf3 e6 3. d4 cxd4 4. Nxd4 a6 5. Bd3 Bc5 6. Nb3 Ba7 7. 0-0 Qc7 8. Qg4 Kf8 9. Qe2 Nf6 10. h3 Nc6 11. Be3 Bxe3 12. Qxe3 b5 13. Nc3 Ne5 14. f4 Nc4 15. Bxc4 bxc4 16. Nd4 Bb7 17. e5 Nd5 18. Nxd5 Bxd5 19. Rad1 Rc8 20. f5 exf5 21. Nxf5 Qc5 22. Rd4 Be6 23. Kh1 Rb8 24. Nd6 Rxb2 25. Nxf7 Kg8 26. Nh6+ gxh6 27. Qxh6 Qe7 28. Rdf4 Rb8 29. Rf6 Qg7 30. Rxe6 Qxh6 31. Rxh6 Kg7 32. Rxa6 Rhe8 33. Rd6 Rxe5 34. Rxd7+ Kg6 35. Rc7 Re4 36. Rff7 h6 37. Rg7+ Kf6 38. Rh7 Rb2 39. Rxh6+ Kg5 40. Rhc6 Rxc2 41. g3 Re1# 0-1

[Event "World Corporate East D"]
[Site "Chess.com INT"]
[Date "2021.02.19"]
[Round "3.1"]
[White "Limbourg, Marina"]
[Black "Slav, Moshe"]
[Result "1/2-1/2"]
[WhiteElo "2058"]
[BlackElo "1807"]
[PlyCount "136"]
[EventDate "2021.02.19"]
[EventType "team (rapid)"]
[EventRounds "7"]
[EventCountry "USA"]
[SourceTitle "EXT 2022"]
[Source "ChessBase"]
[SourceDate "2021.10.06"]
[SourceVersion "1"]
[SourceVersionDate "2021.10.06"]
[SourceQuality "1"]
[WhiteTeam "Vodafone EMEA"]
[BlackTeam "Slav Group"]
[WhiteTeamCountry "HUN"]
[BlackTeamCountry "ISR"]

1. e4 c5 2. Nf3 d6 3. d4 cxd4 4. Nxd4 Nf6 5. Nc3 a6 6. f3 e5 7. Nb3 Be6 8. Be3 Be7 9. Qd2 0-0 10. g4 Nc6 11. 0-0-0 Rc8 12. Kb1 Nb4 13. g5 Nh5 14. a3 Nc6 15. Nd5 Bxd5 16. exd5 Nb8 17. Bh3 Nd7 18. Bg4 Nf4 19. Bxf4 exf4 20. Qxf4 b5 21. h4 Rc4 22. Rd4 Ne5 23. Rxc4 bxc4 24. Nd4 Qb6 25. Nf5 Bd8 26. Qd4 Qxd4 27. Nxd4 Bb6 28. Nf5 Bc5 29. Re1 Rb8 30. Ne7+ Kf8 31. Nc6 Re8 32. Nxe5 Rxe5 33. Rd1 Ke7 34. c3 Bf2 35. Rh1 f5 36. Bh3 Bxh4 37. f4 Re1+ 38. Rxe1+ Bxe1 39. Bxf5 h5 40. gxh6 gxh6 41. Kc2 Kf6 42. Bg4 Kg6 43. Be2 h5 44. Bxc4 h4 45. Bxa6 h3 46. Bf1 h2 47. Bg2 Kf5 48. a4 Kxf4 49. b4 Kg3 50. Be4 Kf4 51. Bh1 Ke3 52. c4 Bxb4 53. Kb3 Bc5 54. a5 Kd4 55. Bg2 Ke3 56. Bh1 Kf2 57. Be4 Kg1 58. Ka4 h1Q 59. Bxh1 Kxh1 60. Kb5 Kg2 61. a6 Kf3 62. Kc6 Ke4 63. a7 Bxa7 64. Kxd6 Kd4 65. Kc6 Kxc4 66. d6 Be3 67. d7 Bg5 68. d8Q Bxd8 1/2-1/2

[Event "BL2 West 1819 (Women)"]
[Site "Germany"]
[Date "2018.10.28"]
[Round "2.1"]
[White "Limbourg, Marina"]
[Black "Braeutigam, Irina"]
[Result "0-1"]
[WhiteElo "2010"]
[BlackElo "2018"]
[PlyCount "78"]
[EventDate "2018.10.27"]
[EventType "team-tourn"]
[EventRounds "7"]
[EventCountry "GER"]
[SourceTitle "CBM 190 Extra"]
[Source "ChessBase"]
[SourceDate "2019.07.15"]
[SourceVersion "1"]
[SourceVersionDate "2019.07.15"]
[SourceQuality "1"]
[WhiteTeam "Muelheim Nord (W)"]
[BlackTeam "Luebeck (W)"]
[WhiteTeamCountry "GER"]
[BlackTeamCountry "GER"]

1. e4 d6 2. d4 Nf6 3. Nc3 g6 4. f3 c6 5. Be3 b5 6. Qd2 Nbd7 7. g4 Nb6 8. g5 Nh5 9. d5 b4 10. Qd4 Bg7 11. Qxb4 c5 12. Bb5+ Bd7 13. Qa5 0-0 14. Nge2 Rb8 15. Ba6 Na4 16. Qxd8 Rfxd8 17. 0-0 Rxb2 18. Nxa4 Bxa4 19. c3 Rdb8 20. f4 R8b6 21. Bc1 Rxe2 22. Bxe2 Bxc3 23. Be3 Bxa1 24. Rxa1 Ng7 25. Kf2 Bc2 26. Bf3 Ne8 27. Bd2 Nc7 28. Ba5 Rb7 29. e5 Nb5 30. Re1 Kf8 31. Bg4 Nd4 32. exd6 exd6 33. Bd8 Bf5 34. Bd1 Bc2 35. Bg4 Bf5 36. Bd1 Bc2 37. Bg4 Nf5 38. Be2 Rb2 39. Bf6 Nd4 0-1

[Event "Regionalliga West 1718 (Women)"]
[Site "Germany"]
[Date "2017.11.19"]
[Round "2.2"]
[White "Limbourg, Marina"]
[Black "Naumenko, Valerija"]
[Result "1-0"]
[WhiteElo "2018"]
[BlackElo "1493"]
[PlyCount "73"]
[EventDate "2017.10.15"]
[EventType "team-tourn"]
[EventRounds "5"]
[EventCountry "GER"]
[SourceTitle "CBM 183 Extra"]
[Source "ChessBase"]
[SourceDate "2018.04.19"]
[SourceVersion "1"]
[SourceVersionDate "2018.04.19"]
[SourceQuality "1"]
[WhiteTeam "Muelheim Nord (W)"]
[BlackTeam "Hemer (W)"]
[WhiteTeamCountry "GER"]
[BlackTeamCountry "GER"]

1. e4 e5 2. Nc3 Nf6 3. f4 d5 4. fxe5 Nxe4 5. d3 Nxc3 6. bxc3 d4 7. Nf3 Nc6 8. cxd4 Nxd4 9. c3 Nb5 10. Qb3 c6 11. Ng5 Qd5 12. Qxd5 cxd5 13. Bb2 Be7 14. Nf3 Bf5 15. a4 Nc7 16. Be2 Ne6 17. d4 Nf4 18. Bb5+ Kd8 19. Kd2 Be4 20. Rhg1 g5 21. Ke3 Rc8 22. g3 Nh3 23. Rgf1 g4 24. Nd2 Bg5+ 25. Ke2 Bxd2 26. Kxd2 Ng5 27. Rf6 a6 28. Bd3 Rc6 29. Rxc6 bxc6 30. Bxa6 Kd7 31. a5 f6 32. Be2 Bf3 33. exf6 Bxe2 34. Kxe2 Re8+ 35. Kd3 Kc7 36. Ba3 Nf3 37. f7 1-0

[Event "GER-chT Betriebe 17th"]
[Site "Berlin"]
[Date "2017.11.04"]
[Round "6.4"]
[White "Eisermann, Daniel"]
[Black "Limbourg, Marina"]
[Result "0-1"]
[WhiteElo "1937"]
[BlackElo "2018"]
[PlyCount "142"]
[EventDate "2017.11.02"]
[EventType "team-swiss"]
[EventRounds "7"]
[EventCountry "GER"]
[SourceTitle "EXT 2020"]
[Source "ChessBase"]
[SourceDate "2019.10.17"]
[SourceVersion "1"]
[SourceVersionDate "2019.10.17"]
[SourceQuality "1"]
[WhiteTeam "Berlin Osram"]
[BlackTeam "Duesseldorf Vodafone"]
[WhiteTeamCountry "GER"]
[BlackTeamCountry "GER"]

1. e4 c5 2. Nf3 e6 3. c3 d5 4. exd5 Qxd5 5. d4 Nc6 6. Be2 Nf6 7. 0-0 Be7 8. c4 Qd7 9. Ne5 Qxd4 10. Nxc6 Qxd1 11. Rxd1 bxc6 12. Bf3 Bb7 13. Nc3 0-0 14. Bf4 Rfd8 15. Bc7 Rd4 16. b3 Ne8 17. Be5 Rdd8 18. Na4 Rac8 19. Rab1 Ba8 20. Bf4 Nf6 21. Be3 Nd7 22. Rd2 Ne5 23. Rbd1 Nxf3+ 24. gxf3 Rxd2 25. Rxd2 Rd8 26. Rxd8+ Bxd8 27. Bxc5 a6 28. f4 h6 29. Bd6 Kh7 30. Nc5 a5 31. Kg2 Kg6 32. Kg3 Kf5 33. a3 Bf6 34. b4 axb4 35. axb4 e5 36. Kf3 exf4 37. Bxf4 Bc3 38. Ke3 Bxb4 39. Bd6 Bc3 40. f4 Bb4 41. h3 Ba3 42. Kf3 g5 43. fxg5 hxg5 44. Be7 Kg6 45. h4 gxh4 46. Kg4 Bb7 47. Kxh4 Bxc5 48. Bxc5 Ba6 49. Kg4 Bxc4 50. Be7 f5+ 51. Kf4 Bd3 52. Ke5 Kf7 53. Bd6 Ke8 54. Kd4 Kd7 55. Kc5 Be4 56. Be5 Ke6 57. Bf4 Kf6 58. Kd6 Kg6 59. Be3 Kh5 60. Ke5 Kg4 61. Bd2 c5 62. Be3 c4 63. Bd2 Kf3 64. Kd4 Bd3 65. Ke5 Ke2 66. Bf4 c3 67. Kd4 c2 68. Kc3 Be4 69. Bc1 Kf3 70. Kd2 f4 71. Ke1 Kg3 0-1

[Event "BL2 West 1516 (Women)"]
[Site "Germany"]
[Date "2015.09.26"]
[Round "1.2"]
[White "Limbourg, Marina"]
[Black "Plass, Mariana Camelia"]
[Result "1-0"]
[WhiteElo "1921"]
[BlackElo "2071"]
[PlyCount "103"]
[EventDate "2015.09.26"]
[EventType "team-tourn"]
[EventRounds "7"]
[EventCountry "GER"]
[SourceTitle "EXT 2017"]
[Source "ChessBase"]
[SourceDate "2016.10.25"]
[SourceVersion "1"]
[SourceVersionDate "2016.10.25"]
[SourceQuality "1"]
[WhiteTeam "Muelheim (W)"]
[BlackTeam "Horst Emscher (W)"]
[WhiteTeamCountry "GER"]
[BlackTeamCountry "GER"]

1. e4 c5 2. Nf3 d6 3. d4 cxd4 4. Nxd4 Nf6 5. Nc3 a6 6. Nb3 Nc6 7. f3 e6 8. Be3 Be7 9. Qd2 Qc7 10. 0-0-0 Ne5 11. Na4 Nfd7 12. f4 Ng4 13. Bd4 e5 14. Bg1 Ngf6 15. Nc3 exf4 16. Qxf4 Ne5 17. h3 Be6 18. Nd4 0-0 19. g4 Rac8 20. Nf5 Bxf5 21. exf5 h6 22. Kb1 Qc6 23. Rh2 Qf3 24. Qxf3 Nxf3 25. Re2 Rfe8 26. Bf2 b5 27. Bg2 Ne5 28. Bb7 Rb8 29. Bxa6 b4 30. Nb5 Nc6 31. Bg3 Rb6 32. Nc7 Rd8 33. Bb5 Rc8 34. Bxc6 Rxc7 35. Ba4 Ra6 36. Bb3 Kf8 37. Rde1 Raa7 38. Rxe7 Rxe7 39. Bxd6 Ke8 40. Rxe7+ Rxe7 41. Bxe7 Kxe7 42. Kc1 Ne4 43. Bd5 Ng5 44. h4 Nh3 45. Kd2 Nf4 46. Bf3 Kd6 47. c3 bxc3+ 48. Kxc3 Ke5 49. a4 h5 50. gxh5 Kxf5 51. a5 Ne6 52. a6 1-0

[Event "BL 1314 (Women)"]
[Site "Germany"]
[Date "2014.03.09"]
[Round "9.5"]
[White "Limbourg, Marina"]
[Black "Schoene, Maria"]
[Result "0-1"]
[WhiteElo "1919"]
[BlackElo "2240"]
[PlyCount "86"]
[EventDate "2013.10.04"]
[EventType "team-tourn"]
[EventRounds "11"]
[EventCountry "GER"]
[SourceTitle "EXT 2018"]
[Source "ChessBase"]
[SourceDate "2017.10.13"]
[SourceVersion "1"]
[SourceVersionDate "2017.10.13"]
[SourceQuality "1"]
[WhiteTeam "Muelheim Nord (W)"]
[BlackTeam "Bad Koenigshofen (W)"]
[WhiteTeamCountry "GER"]
[BlackTeamCountry "GER"]

1. e4 d6 2. d4 Nf6 3. Nc3 g6 4. f3 c6 5. Be3 Nbd7 6. Qd2 b5 7. d5 cxd5 8. Nxd5 a6 9. g4 Bb7 10. Bd4 e5 11. Nxf6+ Nxf6 12. Bc3 Be7 13. 0-0-0 Nxe4 14. Ba5 Nxd2 15. Bxd8 Nxf1 16. Bxe7 Kxe7 17. Rxf1 f5 18. gxf5 gxf5 19. Ne2 Rhg8 20. Ng3 f4 21. Nf5+ Ke6 22. Nh4 Rg5 23. Rhg1 Rag8 24. Rxg5 Rxg5 25. Rf2 Rh5 26. Ng2 Kf5 27. h4 Rh6 28. Kd2 Rg6 29. Ne1 Rg3 30. Ke2 e4 31. fxe4+ Bxe4 32. Rh2 Kg4 33. Kf2 Rh3 34. Rxh3 Kxh3 35. Nf3 Bxc2 36. Nd4 Be4 37. Ne6 Kxh4 38. Nxf4 Kg4 39. Ke3 d5 40. Ne6 h5 41. Kf2 h4 42. Kg1 Kg3 43. Nd4 Bd3 0-1

[Event "BL 1314 (Women)"]
[Site "Germany"]
[Date "2014.02.15"]
[Round "6.6"]
[White "Meyer, Bettina"]
[Black "Limbourg, Marina"]
[Result "0-1"]
[WhiteElo "2030"]
[BlackElo "1919"]
[PlyCount "60"]
[EventDate "2013.10.04"]
[EventType "team-tourn"]
[EventRounds "11"]
[EventCountry "GER"]
[SourceTitle "EXT 2018"]
[Source "ChessBase"]
[SourceDate "2017.10.13"]
[SourceVersion "1"]
[SourceVersionDate "2017.10.13"]
[SourceQuality "1"]
[WhiteTeam "Hamburger SK (W)"]
[BlackTeam "Muelheim Nord (W)"]
[WhiteTeamCountry "GER"]
[BlackTeamCountry "GER"]

1. d4 Nf6 2. c4 g6 3. Nc3 d5 4. cxd5 Nxd5 5. e4 Nxc3 6. bxc3 Bg7 7. h3 c5 8. Nf3 Nc6 9. Be3 0-0 10. Be2 Qa5 11. 0-0 Rd8 12. Bc4 Qxc3 13. Rc1 Qb4 14. Bd2 Qa3 15. Rc3 Qb4 16. Ng5 Nxd4 17. Bxf7+ Kh8 18. Rd3 Qb5 19. Ra3 Ne2+ 20. Kh1 Nc3 21. Rxc3 Rxd2 22. Qxd2 Qxf1+ 23. Kh2 Be5+ 24. g3 Bd4 25. Rf3 h6 26. Ne6 g5 27. Nxg5 hxg5 28. Qxg5 Qxh3+ 29. Kg1 Bg4 30. Rf4 Qxg3+ 0-1

[Event "GER-chT Federal Cup (Women)"]
[Site "Braunfels"]
[Date "2013.06.02"]
[Round "5.8"]
[White "Limbourg, Marina"]
[Black "Braje, Monika"]
[Result "1-0"]
[WhiteElo "1967"]
[BlackElo "1814"]
[PlyCount "77"]
[EventDate "2013.05.30"]
[EventType "team-swiss"]
[EventRounds "5"]
[EventCountry "GER"]
[SourceTitle "EXT 2014"]
[Source "ChessBase"]
[SourceDate "2013.11.20"]
[SourceVersion "1"]
[SourceVersionDate "2013.11.20"]
[SourceQuality "1"]
[WhiteTeam "Nordrhein Westfalen (W)"]
[BlackTeam "Niedersachsen (W)"]
[WhiteTeamCountry "GER"]
[BlackTeamCountry "GER"]

1. e4 d5 2. exd5 Nf6 3. Bb5+ Bd7 4. Be2 Nxd5 5. d4 e6 6. Nf3 Be7 7. 0-0 0-0 8. c4 Nb6 9. Nc3 Bc8 10. Be3 N8d7 11. Rb1 c5 12. a4 cxd4 13. Bxd4 Nf6 14. a5 Nbd7 15. b4 b6 16. axb6 axb6 17. Be3 Bb7 18. Qb3 Qb8 19. Rfd1 Rc8 20. h3 h6 21. Nd4 Ne4 22. Nxe6 Nxc3 23. Qxc3 Bf6 24. Nd4 Re8 25. c5 Be4 26. Rb2 Rc8 27. Bg4 Rd8 28. c6 Qc7 29. Bxd7 Rxd7 30. b5 Rdd8 31. Rbd2 Rdc8 32. Qc4 Bg6 33. Nf3 Qa7 34. Bf4 Qa3 35. Ne5 Ra4 36. Qd5 Rxf4 37. Nxg6 Ra4 38. Ne5 Qe7 39. Nd7 1-0

[Event "Ruhrgebiet Verbandsliga2 1213"]
[Site "Nordrheinwestfalen"]
[Date "2013.02.03"]
[Round "6.6"]
[White "Limbourg, Marina"]
[Black "Salzmann, Juergen"]
[Result "1-0"]
[WhiteElo "1967"]
[BlackElo "1868"]
[PlyCount "99"]
[EventDate "2012.09.02"]
[EventType "team-tourn"]
[EventRounds "9"]
[EventCountry "GER"]
[SourceTitle "EXT 2020"]
[Source "ChessBase"]
[SourceDate "2019.10.17"]
[SourceVersion "1"]
[SourceVersionDate "2019.10.17"]
[SourceQuality "1"]
[WhiteTeam "Muelheim Nord III"]
[BlackTeam "Mengede SG"]
[WhiteTeamCountry "GER"]
[BlackTeamCountry "GER"]

1. e4 c5 2. Nf3 e6 3. d4 cxd4 4. Nxd4 a6 5. Nc3 Qc7 6. f4 Nc6 7. Be3 Nxd4 8. Qxd4 b5 9. Be2 Bb7 10. 0-0 b4 11. Na4 Qxc2 12. Nb6 Rd8 13. Bf3 Qc7 14. Rfd1 Ne7 15. Rac1 Nc6 16. Qd3 Be7 17. Nc4 0-0 18. Bb6 Qxf4 19. e5 Nxe5 20. Nxe5 Bxf3 21. Nxf3 Rc8 22. Rxc8 Rxc8 23. Qxd7 Qb8 24. Ba7 Qc7 25. Be3 h6 26. Qxc7 Rxc7 27. Rc1 Rd7 28. Ne5 Rd5 29. Rc8+ Kh7 30. Nc6 Bc5 31. Bxc5 Rxc5 32. Ne7 Ra5 33. Rb8 Rxa2 34. Rxb4 a5 35. Rb7 a4 36. Nc6 Ra1+ 37. Kf2 Rb1 38. Rb4 Ra1 39. Ne5 a3 40. bxa3 Rxa3 41. Nxf7 Ra2+ 42. Kf3 Ra3+ 43. Kg4 Ra2 44. Kh3 Ra3+ 45. g3 Kg6 46. Nd8 Re3 47. Kg4 Re2 48. h4 h5+ 49. Kf3 Re1 50. Re4 1-0

[Event "Ruhrgebiet Verbandsliga2 1213"]
[Site "Nordrheinwestfalen"]
[Date "2012.09.02"]
[Round "1.6"]
[White "Limbourg, Marina"]
[Black "Mir Wais, Milod"]
[Result "1-0"]
[WhiteElo "1967"]
[BlackElo "1844"]
[PlyCount "63"]
[EventDate "2012.09.02"]
[EventType "team-tourn"]
[EventRounds "9"]
[EventCountry "GER"]
[SourceTitle "EXT 2020"]
[Source "ChessBase"]
[SourceDate "2019.10.17"]
[SourceVersion "1"]
[SourceVersionDate "2019.10.17"]
[SourceQuality "1"]
[WhiteTeam "Muelheim Nord III"]
[BlackTeam "Ahlen SV II"]
[WhiteTeamCountry "GER"]
[BlackTeamCountry "GER"]

1. e4 c5 2. Nf3 e6 3. d4 cxd4 4. Nxd4 Nf6 5. Nc3 d6 6. Be3 Be7 7. f3 0-0 8. Qd2 Nc6 9. g4 Ne8 10. 0-0-0 Nc7 11. h4 d5 12. g5 dxe4 13. fxe4 e5 14. Nf5 Qxd2+ 15. Rxd2 Bb4 16. a3 Bxc3 17. bxc3 Be6 18. Be2 Rfd8 19. Nd6 b6 20. h5 Na5 21. Rhd1 Kf8 22. Bf2 Ne8 23. Nxe8 Kxe8 24. Bg3 Rxd2 25. Rxd2 f6 26. h6 fxg5 27. hxg7 Kf7 28. Bxe5 Nc6 29. Bh5+ Ke7 30. Bd6+ Kf6 31. Bf8 h6 32. e5+ 1-0

[Event "Ruhrgebiet Verbandsliga1 1112"]
[Site "Nordrheinwestfalen"]
[Date "2012.04.22"]
[Round "9.6"]
[White "Schriewer, Thomas"]
[Black "Limbourg, Marina"]
[Result "0-1"]
[WhiteElo "1948"]
[BlackElo "1947"]
[PlyCount "116"]
[EventDate "2012.09.18"]
[EventType "team-tourn"]
[EventRounds "9"]
[EventCountry "GER"]
[SourceTitle "EXT 2020"]
[Source "ChessBase"]
[SourceDate "2019.10.17"]
[SourceVersion "1"]
[SourceVersionDate "2019.10.17"]
[SourceQuality "1"]
[WhiteTeam "Herne Sodingen II"]
[BlackTeam "Muelheim Nord III"]
[WhiteTeamCountry "GER"]
[BlackTeamCountry "GER"]

1. d4 Nf6 2. c4 g6 3. Nc3 d5 4. cxd5 Nxd5 5. e4 Nxc3 6. bxc3 Bg7 7. Bc4 c5 8. Ne2 Nc6 9. Be3 cxd4 10. cxd4 b5 11. Bd5 Bd7 12. Rc1 Rc8 13. 0-0 e6 14. Bxc6 Rxc6 15. Rxc6 Bxc6 16. Qc2 Qd7 17. Rc1 Bb7 18. f3 0-0 19. Qc7 Rd8 20. Kf2 a6 21. Bg5 f6 22. Be3 Bf8 23. Nf4 Kf7 24. Nd3 Bd6 25. Qxd7+ Rxd7 26. Bf4 Bxf4 27. Nxf4 Ke7 28. Ke3 Kd6 29. h4 Re7 30. Nd3 Rc7 31. Rxc7 Kxc7 32. Nc5 Bc8 33. e5 fxe5 34. dxe5 Kc6 35. Kd4 a5 36. Ne4 b4 37. Nc5 Kb5 38. Ne4 Ka4 39. Nc5+ Ka3 40. Kc4 Kxa2 41. Kb5 b3 42. Ne4 b2 43. Kxa5 Kb3 44. Nd2+ Kc2 45. Nc4 b1Q 46. Na3+ Kc1 47. Nxb1 Kxb1 48. Kb6 Kc2 49. Kc7 Ba6 50. Kd6 Bc4 51. Ke7 Kd3 52. Kf6 Ke3 53. Kg5 Kf2 54. g4 Kxf3 55. h5 Bd3 56. h6 Kg3 57. Kf6 Kxg4 58. Kxe6 Kg5 0-1